000 00857nam a22002177a 4500
005 20100811102945.0
010 _aB-453965
020 _a9780143335641
_c125.00
035 _aB-453965
037 _bR.B.C/Ven
082 _aS
100 _aRay,Satyajit
_942923
245 _aThe adventures of feluda :
_cby Satyajit Ray ; translated from Bengali by Gopa Majumdar
_btrouble in Gangtok /
260 _aNew Delhi
_bPenguin Books
_c2003
270 _a11 Community Centre,Panchsheel Park,
_bNew Delhi
_e110017
300 _a92p.
_c18cm (pbk)
700 _aMajumdar,Gopa
_942815
942 _2ddc
_cEN
_mRAY
_hS
999 _c63324
_d63324